000 01050cab a2200265 4500
001 ABS53598
008 090401t1995 xxu||||| |||| 00| 0 eng d
035 _a(Sirsi) u5261
041 _aeng
100 _aAldridge, T.
245 _aLandlord and Tenant (Covenants) Act 1995
260 _c1995
350 _a0
490 _aSolicitors` Journal
_v139(36) 22 September 1995, 918-919; 139(37) 29 Sep
520 _aThe first of two articles looking at the changes introduced by the Landlord and Tenant (Covenants) Act 1995. By referring to relevant case law, the author demonstrates the various changes to privity of contract effected by the Act.
650 _aFRIENDS PROVIDENT LIFE OFFICE V BRITISH RAILWAYS BOARD
650 _aHUA CHIAO COMMERCIAL BANK LTD V CHIAPHUA INDUSTRIES LTD
650 _aLANDLORD AND TENANT (COVENANTS) ACT 1995
650 _aLEASES
650 _aPRIVITY OF CONTRACT
650 _aSELOUS STREET PROPERTIES LTD V ORONEL FABRICS LTD
690 _aLandlord and tenant
_96252
942 _n0
948 _c04/03/1997
999 _c3137
_d3137